First poems / (Record no. 5734)
[ view plain ]
| 000 -LEADER | |
|---|---|
| fixed length control field | 01088nam a2200349Ia 4500 |
| 001 - CONTROL NUMBER | |
| control field | 2387799 |
| 003 - CONTROL NUMBER IDENTIFIER | |
| control field | OCoLC |
| 005 - DATE AND TIME OF LATEST TRANSACTION | |
| control field | 20190109174846.0 |
| 008 - FIXED-LENGTH DATA ELEMENTS--GENERAL INFORMATION | |
| fixed length control field | 760730s1976 nmu 000 0 eng |
| 010 ## - LIBRARY OF CONGRESS CONTROL NUMBER | |
| LC control number | 75046073 |
| 020 ## - INTERNATIONAL STANDARD BOOK NUMBER | |
| International Standard Book Number | 0890160201 |
| 020 ## - INTERNATIONAL STANDARD BOOK NUMBER | |
| International Standard Book Number | 0890160198 |
| 040 ## - CATALOGING SOURCE | |
| Original cataloging agency | DLC |
| Transcribing agency | DLC |
| Modifying agency | KSU |
| -- | UtOrBLW |
| -- | UtOrBLW |
| 050 0# - LIBRARY OF CONGRESS CALL NUMBER | |
| Classification number | PS3562.A68 |
| Item number | F5 |
| 082 0# - DEWEY DECIMAL CLASSIFICATION NUMBER | |
| Classification number | 811/.5/4 |
| 100 1# - MAIN ENTRY--PERSONAL NAME | |
| Personal name | Larcombe, Sam, |
| Dates associated with a name | 1940- |
| 245 10 - TITLE STATEMENT | |
| Title | First poems / |
| Statement of responsibility, etc. | Sam Larcombe |
| 250 ## - EDITION STATEMENT | |
| Edition statement | 1st ed |
| 260 ## - PUBLICATION, DISTRIBUTION, ETC. | |
| Place of publication, distribution, etc. | Santa Fé, New Mexico : |
| Name of publisher, distributor, etc. | The Lightning Tree, |
| Date of publication, distribution, etc. | c1976 |
| 300 ## - PHYSICAL DESCRIPTION | |
| Extent | 64 p. ; |
| Dimensions | 18 cm |
| 336 ## - CONTENT TYPE | |
| Content type term | text |
| Content type code | txt |
| Source | rdacontent |
| 337 ## - MEDIA TYPE | |
| Media type term | unmediated |
| Media type code | n |
| Source | rdamedia |
| 338 ## - CARRIER TYPE | |
| Carrier type term | volume |
| Carrier type code | nc |
| Source | rdacarrier |
| 490 0# - SERIES STATEMENT | |
| Series statement | The Lightning Tree contemporary poets ; |
| Volume/sequential designation | no. 2 |
| 500 ## - GENERAL NOTE | |
| General note | "First Edition"--Title page verso |
| 563 ## - BINDING INFORMATION | |
| Binding note | Bound in printed paper wrappers |
| 655 #7 - INDEX TERM--GENRE/FORM | |
| Genre/form data or focus term | Authors' inscriptions (Provenance) |
| Source of term | rbprov |
| 655 #7 - INDEX TERM--GENRE/FORM | |
| Genre/form data or focus term | Authors' presentation copies (Provenance) |
| Source of term | rbprov |
| 700 1# - ADDED ENTRY--PERSONAL NAME | |
| Personal name | Larcombe, Sam, |
| Dates associated with a name | 1940- |
| Relator term | inscriber |
| 942 ## - ADDED ENTRY ELEMENTS (KOHA) | |
| Source of classification or shelving scheme | Dewey Decimal Classification |
| Koha item type | Books |
| Withdrawn status | Lost status | Source of classification or shelving scheme | Damaged status | Not for loan | Collection code | Home library | Current library | Shelving location | Date acquired | Cost, normal purchase price | Total Checkouts | Full call number | Barcode | Date last seen | Price effective from | Koha item type |
|---|---|---|---|---|---|---|---|---|---|---|---|---|---|---|---|---|
| Dewey Decimal Classification | Non-fiction | Harvest Mission College | Harvest Mission College | General Stacks | 09.01.2019 | 350.00 | 811/.5/4 | 006587 | 09.01.2019 | 09.01.2019 | Books |
